LEADER 00799nam0-22002891i-450- 001 990004719760403321 005 20080509113009.0 010 $a88-211-6273-7 035 $a000471976 035 $aFED01000471976 035 $a(Aleph)000471976FED01 035 $a000471976 100 $a19990604g19929999km-y0itay50------ba 101 0 $aita 105 $ay-------001yy 200 1 $aGeographica$fErnst Bloch$ga cura di Laura Boella 210 $aGenova$cMarietti$d1992. 215 $aXVI, 227 p.$d18 cm 700 1$aBloch,$bErnst$f<1885-1977>$0127527 702 1$aBoella,$bLaura$f<1949- > 801 0$aIT$bUNINA$gRICA$2UNIMARC 901 $aBK 912 $a990004719760403321 952 $aP.1 9D BLOCH 10$bBibl. 21062$fFLFBC 959 $aFLFBC 996 $aGeographica$9557620 997 $aUNINA LEADER 00883nam0-22002891i-450- 001 990007941280403321 005 20041103113310.0 035 $a000794128 035 $aFED01000794128 035 $a(Aleph)000794128FED01 035 $a000794128 100 $a20041103d1967----km-y0itay50------ba 101 0 $aeng 102 $aGB 105 $ay-------001yy 200 1 $aConsequences of utilitarianism$ea study in normative ethics and legal theory [seguono] Appendix: critique of ideal-rube-utilitarianism. Bibliographical index 210 $aOxford$cClarendon Press$d1967 215 $aVI, 187 p.$d8 676 $a171.5$v11 rid.$zita 700 1$aHodgson,$bD. H.$0424312 801 0$aIT$bUNINA$gRICA$2UNIMARC 901 $aBK 912 $a990007941280403321 952 $aXI C H 25$b998$fDFD 959 $aDFD 996 $aConsequences of utilitarianism$9749505 997 $aUNINA LEADER 04949nam 2200697 a 450 001 9910346025103321 005 20251101110044.0 010 $a1-282-71638-7 010 $a9786612716386 010 $a3-11-022361-9 024 7 $a10.1515/9783110223613 035 $a(CKB)2670000000018697 035 $a(EBL)516526 035 $a(OCoLC)630538767 035 $a(SSID)ssj0000428710 035 $a(PQKBManifestationID)12146699 035 $a(PQKBTitleCode)TC0000428710 035 $a(PQKBWorkID)10424985 035 $a(PQKB)11451295 035 $a(MiAaPQ)EBC516526 035 $a(DE-B1597)37835 035 $a(OCoLC)654398873 035 $a(OCoLC)774092166 035 $a(DE-B1597)9783110223613 035 $a(oapen)https://directory.doabooks.org/handle/20.500.12854/59899 035 $a(CaSebORM)9783110222050 035 $a(oapen)doab59899 035 $a(ODN)ODN0002494950 035 $a(EXLCZ)992670000000018697 100 $a20100601d2010 uy 0 101 0 $aeng 135 $aur|n|---||||| 181 $ctxt 182 $cc 183 $acr 200 00$aSprache Intermedial $eStimme und Schrift, Bild und Ton /$fHerausgegeben von Arnulf Deppermann und Angelika Linke 205 $a1st ed. 210 $aBerlin $cDe Gruyter$d2010 215 $a1 online resource (506 p.) 225 1 $aInstitut fur Deutsche Sprache ;$vJahrbuch 2009 300 $aDescription based upon print version of record. 311 08$a3-11-022205-1 320 $aIncludes bibliographical references. 327 $t Frontmatter -- $tInhalt -- $tBegrüßung: Vom Wandel der modalen Zeiten. Oder: Wie hoch das Wort zu schätzen sei / $rEichinger, Ludwig M. -- $tDie Materialität von Stimme und Schrift -- $tSprache, Stimme, Schrift: Zur impliziten Bildlichkeit sprachlicher Medien / $rKrämer, Sybille -- $tStimmlich-artikulatorischer Ausdruck und Sprache / $rBose, Ines -- $tInterjektionen zwischen Lexikon und Vokalität: Lexem oder Lautobjekt? / $rReber, Elisabeth / Couper-Kuhlen, Elizabeth -- $tTypografische Variation und (Inter-)Medialität / $rSpitzmüller, Jürgen -- $tLeiblichkeit und Räumlichkeit sprachlicher Praktiken -- $tHistorische Semiotik des Leibes in der Kommunikation: Zur Dynamisierung von Körper und Sprache im ausgehenden 17. und im 18. Jahrhundert / $rLinke, Angelika -- $tInteraktion im Raum / $rHausendorf, Heiko -- $tDie multimodale Konstitution eines imaginären Raums als interaktive Problemlösung / $rSchmitt, Reinhold / Deppermann, Arnulf -- $tArtikulationsarbeit und mediengestützte Ortserkundung / $rHabscheid, Stephan / Gerwinski, Jan / Dyrks, Tobias / Denef, Sebastian / Ramirez, Leonardo -- $tSprachliche Landschaften / $rAuer, Peter -- $tIntermediale Relationen -- $tIntermedialität - Intramedialität - Transkriptivität / $rJäger, Ludwig -- $tPrägnanzen / $rSteinseifer, Martin -- $tBesprochene Bilder - bebildertes Sprechen / $rHolly, Werner -- $tSchrift an Bild im World Wide Web / $rSchmitz, Ulrich -- $tMultimodal - intertextuell - heteroglossisch: Sprach-Gestalten in "Web 2.0"-Umgebungen / $rAndroutsopoulos, Jannis -- $tDie wechselseitige Modifikation von Bildern und Texten in Fernsehen und Film / $rKeppler, Angela -- $tBild-Text-Ton-Analysen intermedial - am Beispiel von Musik(video)clips / $rJost, Christofer / Neumann-Braun, Klaus / Schmidt, Axel 330 $aDieser Band greift erstmals das Thema ,Intermedialität', das seit einigen Jahren zu einem Leitbegriff der Kulturwissenschaften geworden ist, aus Sicht der Sprachwissenschaft auf. Er zeigt auf, wie tief medienspezifische Gegebenheiten und intermediale Bezüge die Gebrauchsformen von Sprache prägen. Sprache wird in den Beiträgen des Bandes als Spannungsphänomen theoretisiert, für das sowohl die Materialität seiner Erscheinungsformen wie seine medialen und kommunikativen Bezüge auf Nichtsprachliches konstitutiv sind. Zusammenhänge und Konkurrenzen, Eigenart und Austauschbarkeit dieser Formen und Bezüge werden in drei Themenkomplexen diskutiert: - Die Materialität von Sprache als Stimme und Schrift- Intermediale Relationen zwischen Text, Bild und Ton in Druckmedien, Film und Internet- Multimodale und leibvermittelte Kommunikation im Raum.Die Beiträge des Bandes führen grundlegend in die verschiedenen Facetten der Intermedialität von Sprache ein, diskutieren deren sprachtheoretische Implikationen und präsentieren neueste Forschungsergebnisse. 410 0$aInstitut fur Deutsche Sprache. 606 $aGerman philology$xStudy and teaching 615 0$aGerman philology$xStudy and teaching. 676 $a302.2 676 $a302.23 686 $aES 360$2rvk 700 $aDeppermann$b Arnulf$0732048 701 $aDepperman$b Arnulf$01762392 701 $aLinke$b Angelika$0176519 801 0$bMiAaPQ 801 1$bMiAaPQ 801 2$bMiAaPQ 906 $aBOOK 912 $a9910346025103321 996 $aSprache Intermedial$94450925 997 $aUNINA